00715nam a2200277Ia 4500003000400000005001700004008004000021040000700061041000800068082001200076100003800088245011200126260005600238300000600294650001100300650001100311650001300322650001500335650001400350650001100364650001100375650001200386650001900398650001100417650000900428OSt20240517093640.0210210b1919 xxu||||| |||| 00| 0 eng d cAL aeng a954/654 aIndia, (Archaeological Survey of) aAnnual report of the Archaeological Survey of India: Muhammadam and British monuments; Northern Circle 1919 aAllahabadbSuperintendent Government Printingc1919 a7 aSurvey areport aNorthern aMuhammadam amonuments aIndia: aCircle aBritish aArchaeological aAnnual a1917